00766nam a22001457a 4500008004100000020001800041050001400059100001700073245004800090260004100138300002100179500001900200505038500219700001600604140916b xxu||||| |||| 00| 0 eng d a9781403999269 aKD442.A85 aAskey, Simon aStudying law. /cSimon Askey and Ian McLeod aNew York,bPalrave Macmillan,c2006. aix, 194p.c22cm. aIncludes index aContents: Studying law: what's it all about? -- The Sources of English law -- The Constitutional background to English law -- The Jurisdictions of the principal courts -- The Protection of human rights and fundamental -- Finding and citing the sources of law -- Legal method -- Written English Answering essay questions -- Answering problem questions -- Oral skills -- Appendices. aMcLeod, Ian